[Event "aut_ychg14_2008"]
[Site "Wien - JGH Brigittenau"]
[Date "2008.05.10"]
[Round "1.1"]
[White "Wilfling, Sandra"]
[Black "Nagy, Andrea"]
[Result "1-0"]
[WhiteElo "1580"]
[BlackElo "1377"]
[PlyCount "121"]
[EventDate "2008.05.10"]

1. d4 Nf6 2. c4 e6 3. Nc3 d5 4. Bg5 Nbd7 5. e3 Be7 6. Nf3 c6 7. Be2 O-O 8. O-O
Nb6 9. Qb3 h6 10. Bh4 Ne8 11. Bxe7 Qxe7 12. Rac1 dxc4 13. Bxc4 Nd6 14. Bd3 Nd5
15. Ne5 Bd7 16. Qc2 Nb4 17. Bh7+ Kh8 18. Qb1 Ne8 19. a3 Nd5 20. Rfe1 Nef6 21.
Bg6 Kg8 22. Bd3 Rfd8 23. Na4 Be8 24. b4 a6 25. Qb3 Nd7 26. Nxd7 Bxd7 27. Nc5
Bc8 28. Qb2 Nf6 29. a4 b5 30. Bc2 Nd7 31. Be4 Nb8 32. Rc2 Bb7 33. Rec1 Ra7 34.
Nxb7 Rxb7 35. Bxc6 Nxc6 36. Rxc6 Rd6 37. axb5 Rxb5 38. Rc8+ Kh7 39. R8c5 Rdb6
40. Rxb5 Rxb5 41. Rc5 Qb7 42. Rxb5 Qxb5 43. Qa3 Qe2 44. g3 Qe1+ 45. Kg2 Qe2 46.
Qa5 Qb5 47. Qxb5 axb5 48. Kf3 f6 49. Ke4 Kg6 50. d5 Kf7 51. Kd4 exd5 52. Kxd5
Ke7 53. Kc6 Kd8 54. Kxb5 Kc8 55. Ka6 Kb8 56. b5 Ka8 57. Kb6 Kb8 58. Kc6 Kc8 59.
Kd6 Kd8 60. Ke6 Ke8 61. b6 1-0

[Event "aut_ychg14_2008"]
[Site "Wien - JGH Brigittenau"]
[Date "2008.05.10"]
[Round "1.2"]
[White "Schamberger, Katja"]
[Black "Bauer, Valentina"]
[Result "0-1"]
[WhiteElo "1366"]
[BlackElo "1563"]
[PlyCount "38"]
[EventDate "2008.05.10"]

1. e4 e6 2. Nf3 d5 3. exd5 exd5 4. d4 Nc6 5. Nc3 Bb4 6. Bd2 Nge7 7. Be2 Bg4 8.
h3 Bxf3 9. Bxf3 Nxd4 10. Nxd5 Bxd2+ 11. Qxd2 Nxf3+ 12. gxf3 Qxd5 13. Qxd5 Nxd5
14. O-O-O O-O-O 15. Rhe1 Nf4 16. h4 Rxd1+ 17. Kxd1 Rd8+ 18. Kc1 c6 19. c3 Nd3+
0-1

[Event "aut_ychg14_2008"]
[Site "Wien - JGH Brigittenau"]
[Date "2008.05.10"]
[Round "1.3"]
[White "Tarmastin, Laura"]
[Black "Tscharnuter, Alexandra"]
[Result "1-0"]
[WhiteElo "1487"]
[BlackElo "1322"]
[PlyCount "63"]
[EventDate "2008.05.10"]

1. e4 e5 2. Nf3 Nc6 3. Bc4 Nf6 4. d3 h6 5. c3 d5 6. exd5 Nxd5 7. Qb3 Be6 8.
Qxb7 Nce7 9. Bb5+ Bd7 10. Bxd7+ Qxd7 11. Qxa8+ Nc8 12. Nxe5 Ndb6 13. Qe4 Qe6
14. O-O Bd6 15. Qc6+ Nd7 16. Nxd7 Qxd7 17. Re1+ Ne7 18. Qxd7+ Kxd7 19. Be3 Re8
20. Bxa7 Kc6 21. Nd2 Ra8 22. Bd4 Nf5 23. Be5 Bxe5 24. Rxe5 g6 25. Nc4 f6 26.
Ra5 Rxa5 27. Nxa5+ Kd6 28. Re1 h5 29. Nc4+ Kd7 30. a4 Kc8 31. Re6 Ng7 32. Rxf6
1-0

[Event "aut_ychg14_2008"]
[Site "Wien - JGH Brigittenau"]
[Date "2008.05.10"]
[Round "1.4"]
[White "Krivda, Manuela"]
[Black "Hapala, Lisa"]
[Result "0-1"]
[WhiteElo "1314"]
[BlackElo "1476"]
[PlyCount "104"]
[EventDate "2008.05.10"]

1. e4 e5 2. Nf3 Nc6 3. d4 exd4 4. Nxd4 Nf6 5. Nc3 Bb4 6. Nxc6 bxc6 7. Bd3 O-O
8. Bd2 d5 9. Qf3 Bxc3 10. Bxc3 dxe4 11. Bxe4 Nxe4 12. O-O Nxc3 13. Qxc3 Bb7 14.
Rad1 Qg5 15. Qb4 Rab8 16. Qc3 Rfd8 17. Rfe1 Rxd1 18. Rxd1 Rd8 19. Re1 Qd5 20.
Qe3 Qe6 21. f3 Qxe3+ 22. Rxe3 Kf8 23. Re2 Ba6 24. Re3 Bc8 25. Kf1 Rd2 26. Rc3
Ba6+ 27. Kg1 Rd6 28. Ra3 c5 29. Rc3 c4 30. Ra3 Ke7 31. Kf2 Re6 32. Re3 Bb5 33.
f4 f5 34. g3 Kd6 35. Rxe6+ Kxe6 36. Ke3 Kd5 37. c3 h6 38. h4 a5 39. a3 c5 40.
Kf3 h5 41. Ke3 Ba4 42. Kf3 Bb3 43. Ke3 Ba2 44. Kf3 Kc6 45. Ke3 Kb5 46. Kd2 Bb1
47. Kc1 Be4 48. Kd2 Ka4 49. Kd1 Kb3 50. Kc1 a4 51. Kd2 Kxb2 52. Ke3 Kxc3 0-1

[Event "aut_ychg14_2008"]
[Site "Wien - JGH Brigittenau"]
[Date "2008.05.10"]
[Round "1.5"]
[White "Gerhold, Doris"]
[Black "Stoeckel, Sabrina"]
[Result "1-0"]
[WhiteElo "1417"]
[BlackElo "1285"]
[PlyCount "53"]
[EventDate "2008.05.10"]

1. e4 e5 2. Nf3 Nc6 3. Bc4 Bc5 4. d3 d6 5. Nc3 Bg4 6. h3 Bd7 7. Be3 Bb6 8. Qd2
h6 9. O-O-O Qe7 10. Nd5 Qd8 11. Bb3 Ba5 12. Qe2 Bb6 13. Bd2 Nge7 14. Rhf1 O-O
15. g4 Na5 16. Bxa5 Bxa5 17. g5 Nc6 18. gxh6 Re8 19. Rg1 g6 20. h4 Kh7 21. Ng5+
Kg8 22. Qf3 Be6 23. Nf6+ Kf8 24. Nxe8 Qxe8 25. Qf6 Nd4 26. h7 Qe7 27. h8=Q# 1-0

[Event "aut_ychg14_2008"]
[Site "Wien - JGH Brigittenau"]
[Date "2008.05.10"]
[Round "1.6"]
[White "Willy, Anora"]
[Black "Huber, Elke Carola"]
[Result "1-0"]
[WhiteElo "1226"]
[BlackElo "1412"]
[PlyCount "67"]
[EventDate "2008.05.10"]

1. e4 c6 2. Nc3 d5 3. Nf3 dxe4 4. Nxe4 Bg4 5. Be2 Nd7 6. d4 e6 7. h3 Bh5 8. Ng3
Bg6 9. Bd3 Bxd3 10. Qxd3 Ngf6 11. O-O Be7 12. Re1 O-O 13. Ng5 h6 14. N5e4 Qc7
15. Nxf6+ Nxf6 16. Ne4 Rfd8 17. c3 c5 18. Re3 Kh8 19. Rg3 Ng8 20. Qf3 Bf8 21.
Qh5 cxd4 22. Bg5 Rd5 23. Rd1 Qe7 24. Rxd4 Qd7 25. Rgd3 Rxd4 26. Rxd4 Qc7 27.
Qh4 Be7 28. Bxe7 Qxe7 29. Qxe7 Nxe7 30. Rd7 Re8 31. Nd6 Rb8 32. Rxe7 Rd8 33.
Nxf7+ Kg8 34. Nxd8 1-0

[Event "aut_ychg14_2008"]
[Site "Wien - JGH Brigittenau"]
[Date "2008.05.10"]
[Round "1.7"]
[White "Monadjem, Mina"]
[Black "Steiner, Lucia"]
[Result "1-0"]
[WhiteElo "1382"]
[BlackElo "1225"]
[PlyCount "135"]
[EventDate "2008.05.10"]

1. e4 e5 2. Nf3 Nc6 3. Bc4 Bc5 4. Nc3 Nf6 5. d3 h6 6. O-O O-O 7. Be3 Bb6 8. Bd5
d6 9. h3 Be6 10. Bxc6 bxc6 11. d4 exd4 12. Bxd4 d5 13. Bxf6 Qxf6 14. exd5 cxd5
15. Re1 c6 16. Qd2 Bc7 17. Qd4 Qg6 18. Qd3 Bf5 19. Qf1 Bxh3 20. Re3 Bf5 21. Qe2
Bxc2 22. Nd4 Bf5 23. Nxf5 Qxf5 24. Rf3 Qg6 25. Rc1 Rfe8 26. Qd3 Qxd3 27. Rxd3
Rab8 28. b3 Re6 29. Nxd5 Bb6 30. Nf4 Rf6 31. Nh3 Re8 32. Rc2 Re1+ 33. Kh2 Bc7+
34. g3 Bb6 35. Kg2 Re8 36. Rdc3 c5 37. Nf4 Rc6 38. Nd3 Rec8 39. b4 c4 40. Ne5
Bd4 41. Rxc4 Rxc4 42. Rxc4 Rxc4 43. Nxc4 Kf8 44. Na5 Bb6 45. Nc6 Ke8 46. a4 Kd7
47. b5 Kc7 48. a5 Bc5 49. Ne5 f6 50. Nd3 Kd6 51. Nf4 Bb4 52. a6 g5 53. Nd3 Ba5
54. Kf3 Kd5 55. Ke3 Bb6+ 56. Kf3 Kc4 57. Ke4 f5+ 58. Kxf5 Kxd3 59. Kg6 Bxf2 60.
Kxh6 Ke4 61. Kxg5 Kf3 62. g4 Be3+ 63. Kf5 Bc5 64. g5 Ke3 65. g6 Bf8 66. b6 Bc5
67. b7 Bd6 68. g7 1-0

[Event "aut_ychg14_2008"]
[Site "Wien - JGH Brigittenau"]
[Date "2008.05.10"]
[Round "2.1"]
[White "Hapala, Lisa"]
[Black "Wilfling, Sandra"]
[Result "1/2-1/2"]
[WhiteElo "1476"]
[BlackElo "1580"]
[PlyCount "58"]
[EventDate "2008.05.10"]

1. e4 c5 2. Nf3 d6 3. c3 Nf6 4. Be2 Bd7 5. d3 g6 6. O-O Bg7 7. Nbd2 Nc6 8. Re1
Qb6 9. Nc4 Qc7 10. h3 O-O 11. Bf1 b5 12. Ne3 b4 13. Qc2 Qb6 14. Nc4 Qc7 15. d4
bxc3 16. bxc3 cxd4 17. cxd4 Rac8 18. Ne3 Qd8 19. Qd3 Nb4 20. Qb1 Rb8 21. Nd2
Nbd5 22. Qd3 Nf4 23. Qc2 Qb6 24. Nf3 Qc6 25. e5 dxe5 26. Qxc6 Bxc6 27. dxe5
N6d5 28. Nxd5 Nxd5 29. Bg5 f6 1/2-1/2

[Event "aut_ychg14_2008"]
[Site "Wien - JGH Brigittenau"]
[Date "2008.05.10"]
[Round "2.2"]
[White "Bauer, Valentina"]
[Black "Gerhold, Doris"]
[Result "0-1"]
[WhiteElo "1563"]
[BlackElo "1417"]
[PlyCount "60"]
[EventDate "2008.05.10"]

1. e4 c5 2. c3 Nf6 3. e5 Nd5 4. d4 cxd4 5. cxd4 Nc6 6. Nf3 d6 7. Bc4 Nb6 8. Bb5
Qc7 9. d5 a6 10. dxc6 axb5 11. cxb7 Bxb7 12. exd6 Qd7 13. dxe7 Qxd1+ 14. Kxd1
Bxe7 15. Ke2 O-O 16. Nc3 b4 17. Nb5 Ba6 18. Nfd4 Bc5 19. Kd1 Rad8 20. Kc2 Bxd4
21. Nxd4 Rxd4 22. Be3 Rc4+ 23. Kb3 Nd5 24. Bd2 Rfc8 25. Rac1 h6 26. a3 bxa3 27.
Kxa3 Rb8 28. Rxc4 Bxc4 29. b4 Ra8+ 30. Kb2 Ra2+ 0-1

[Event "aut_ychg14_2008"]
[Site "Wien - JGH Brigittenau"]
[Date "2008.05.10"]
[Round "2.3"]
[White "Monadjem, Mina"]
[Black "Tarmastin, Laura"]
[Result "0-1"]
[WhiteElo "1382"]
[BlackElo "1487"]
[PlyCount "96"]
[EventDate "2008.05.10"]

1. e4 e5 2. Nf3 Nc6 3. Bb5 Bc5 4. O-O d6 5. Bxc6+ bxc6 6. h3 Ne7 7. Nc3 O-O 8.
d4 exd4 9. Nxd4 Bxd4 10. Qxd4 c5 11. Qd3 Ng6 12. Qg3 f5 13. Bg5 Qd7 14. Rfe1 f4
15. Qh2 h6 16. Bxf4 Nxf4 17. Rad1 Bb7 18. e5 Bxg2 19. e6 Qe7 20. Qg3 Bxh3 21.
Re4 g5 22. Rxf4 Rxf4 23. Nd5 Qxe6 24. Nxf4 Qg4 25. Qxg4 Bxg4 26. f3 Bxf3 27.
Rf1 Be4 28. Ne6 Rc8 29. c3 Bd5 30. Rf6 Bxe6 31. Rxe6 Kg7 32. Kg2 h5 33. Kg3 a5
34. Re2 Kf6 35. Rf2+ Kg6 36. Rh2 Rf8 37. a3 h4+ 38. Kg2 Rf4 39. Kg1 Rg4+ 40.
Kf2 d5 41. Ke1 c6 42. b4 cxb4 43. cxb4 axb4 44. a4 b3 45. a5 Ra4 46. Rb2 Rxa5
47. Rxb3 Rb5 48. Rc3 c5 0-1

[Event "aut_ychg14_2008"]
[Site "Wien - JGH Brigittenau"]
[Date "2008.05.10"]
[Round "2.4"]
[White "Nagy, Andrea"]
[Black "Willy, Anora"]
[Result "1-0"]
[WhiteElo "1377"]
[BlackElo "1226"]
[PlyCount "97"]
[EventDate "2008.05.10"]

1. e4 e5 2. Nf3 Nc6 3. Bc4 Bc5 4. Nc3 Nf6 5. d3 d6 6. h3 Be6 7. Bb3 d5 8. exd5
Nxd5 9. Nxd5 Bxd5 10. Bxd5 Qxd5 11. Be3 O-O-O 12. Qd2 Bb4 13. c3 Bc5 14. Ke2 e4
15. dxe4 Qxd2+ 16. Nxd2 Bxe3 17. Kxe3 Rd7 18. Rhd1 Rhd8 19. Ke2 Ne5 20. Rac1
Ng6 21. g3 Ne5 22. f4 Nd3 23. Rb1 Re8 24. Kf3 Ne1+ 25. Rxe1 Rxd2 26. Red1 Red8
27. Rxd2 Rxd2 28. Ke3 Rd6 29. Rc1 b5 30. Rc2 Kb7 31. Rd2 Rb6 32. a3 Ra6 33. Rd7
Rf6 34. e5 Rg6 35. Kf3 a5 36. Rxf7 Kb6 37. b4 c5 38. Rd7 cxb4 39. cxb4 axb4 40.
axb4 Rc6 41. Rd4 Rc4 42. Re4 Kc6 43. e6 Kd5 44. Rxc4 bxc4 45. e7 c3 46. e8=Q
Kc4 47. Qe4+ Kb3 48. Qb1+ Kc4 49. b5 1-0

[Event "aut_ychg14_2008"]
[Site "Wien - JGH Brigittenau"]
[Date "2008.05.10"]
[Round "2.5"]
[White "Huber, Elke Carola"]
[Black "Krivda, Manuela"]
[Result "1-0"]
[WhiteElo "1412"]
[BlackElo "1314"]
[PlyCount "95"]
[EventDate "2008.05.10"]

1. e4 c5 2. Nf3 d6 3. c3 Nf6 4. Be2 Nxe4 5. Qa4+ Bd7 6. Qxe4 Nc6 7. O-O Qc7 8.
d3 O-O-O 9. Nbd2 h6 10. d4 f5 11. Qd3 g5 12. dxc5 dxc5 13. Qc2 g4 14. Nh4 e6
15. Ng6 Rg8 16. Nxf8 Rdxf8 17. b4 h5 18. Nb3 Kb8 19. Be3 f4 20. Bxc5 Rf7 21.
Qd2 Ka8 22. Bd6 Qd8 23. Bxf4 e5 24. Be3 b6 25. Bc4 Rff8 26. Bxg8 Rxg8 27. Rad1
Rg7 28. Qd5 Kb7 29. b5 Qf6 30. bxc6+ Qxc6 31. Qxc6+ Kxc6 32. Rd2 h4 33. g3 hxg3
34. fxg3 Be6 35. Rdf2 Bd5 36. Rf6+ Kb5 37. R1f5 Re7 38. Rg5 Bf3 39. Nd2 Bd1 40.
Rff5 Ka4 41. Rxe5 Rc7 42. Bd4 Ka3 43. Ref5 Kxa2 44. Rf1 Be2 45. Re1 Re7 46.
Rxg4 Bxg4 47. Rxe7 Ka3 48. Rxa7+ 1-0

[Event "aut_ychg14_2008"]
[Site "Wien - JGH Brigittenau"]
[Date "2008.05.10"]
[Round "2.6"]
[White "Stoeckel, Sabrina"]
[Black "Schamberger, Katja"]
[Result "0-1"]
[WhiteElo "1285"]
[BlackElo "1366"]
[PlyCount "86"]
[EventDate "2008.05.10"]

1. e4 e5 2. Nf3 Nc6 3. Bb5 a6 4. Ba4 Nf6 5. O-O Be7 6. h3 d6 7. d3 h6 8. Nc3
Bd7 9. Be3 O-O 10. a3 b5 11. Bb3 Be6 12. Nd5 Na5 13. Ba2 Rb8 14. b4 Nc6 15. c3
Qd7 16. a4 Nd8 17. Bb3 c6 18. c4 cxd5 19. cxd5 Bxh3 20. Nd2 Bg4 21. f3 Bh3 22.
Qe2 Nh5 23. Qf2 Nb7 24. Rfd1 Bd8 25. axb5 axb5 26. Ra7 Qe7 27. gxh3 Qf6 28. Kf1
Qg6 29. Ke2 Ng3+ 30. Ke1 Bh4 31. Rb1 Nf5 32. exf5 Bxf2+ 33. Kxf2 Qxf5 34. Ke2
Qxh3 35. Ra6 Qg2+ 36. Bf2 f5 37. Rg1 Qh2 38. Ke1 Rfc8 39. Kd1 Qxf2 40. Rf1 Qe3
41. Bc2 Rc7 42. Re1 Qd4 43. Ra1 Qxa1+ 0-1

[Event "aut_ychg14_2008"]
[Site "Wien - JGH Brigittenau"]
[Date "2008.05.10"]
[Round "2.7"]
[White "Tscharnuter, Alexandra"]
[Black "Steiner, Lucia"]
[Result "0-1"]
[WhiteElo "1322"]
[BlackElo "1225"]
[PlyCount "52"]
[EventDate "2008.05.10"]

1. e4 e5 2. Nf3 Nc6 3. Bb5 d6 4. O-O Nf6 5. Bxc6+ bxc6 6. d3 Bg4 7. Be3 Be7 8.
Nbd2 O-O 9. Qe1 h6 10. h3 Be6 11. d4 exd4 12. Nxd4 Qd7 13. Nxe6 fxe6 14. Nc4 d5
15. exd5 cxd5 16. Ne5 Qd6 17. Ng6 Rf7 18. Bf4 Qc6 19. Qe2 Qb6 20. c3 Ne4 21.
Nxe7+ Rxe7 22. Qc2 Rf7 23. Bc1 Raf8 24. Kh1 Nxf2+ 25. Kh2 Ng4+ 26. Kh1 Rxf1#
0-1

[Event "aut_ychg14_2008"]
[Site "Wien - JGH Brigittenau"]
[Date "2008.05.11"]
[Round "3.1"]
[White "Tarmastin, Laura"]
[Black "Gerhold, Doris"]
[Result "1/2-1/2"]
[WhiteElo "1487"]
[BlackElo "1417"]
[PlyCount "20"]
[EventDate "2008.05.10"]

1. e4 c5 2. c3 Nf6 3. e5 Nd5 4. d4 cxd4 5. cxd4 Nc6 6. Nf3 d6 7. h3 e6 8. Be2
Be7 9. O-O O-O 10. b3 b6 1/2-1/2

[Event "aut_ychg14_2008"]
[Site "Wien - JGH Brigittenau"]
[Date "2008.05.11"]
[Round "3.2"]
[White "Wilfling, Sandra"]
[Black "Bauer, Valentina"]
[Result "1/2-1/2"]
[WhiteElo "1580"]
[BlackElo "1563"]
[PlyCount "40"]
[EventDate "2008.05.10"]

1. d4 Nf6 2. c4 g6 3. Nc3 Bg7 4. e4 d6 5. Nf3 O-O 6. Be2 e5 7. O-O Nc6 8. d5
Ne7 9. Be3 Ng4 10. Bg5 h6 11. Bd2 f5 12. Ne1 Nf6 13. exf5 Nxf5 14. Qc2 Qe8 15.
Bd3 Nd4 16. Qb1 Bf5 17. Bxf5 Nxf5 18. Nd3 Qf7 19. Qd1 a6 20. Ne2 Ne4 1/2-1/2

[Event "aut_ychg14_2008"]
[Site "Wien - JGH Brigittenau"]
[Date "2008.05.11"]
[Round "3.3"]
[White "Schamberger, Katja"]
[Black "Hapala, Lisa"]
[Result "1-0"]
[WhiteElo "1366"]
[BlackElo "1476"]
[PlyCount "63"]
[EventDate "2008.05.10"]

1. e4 e5 2. Nf3 Nc6 3. Bc4 Bc5 4. O-O Nf6 5. d4 Bxd4 6. Nxd4 Nxd4 7. f4 Nc6 8.
Bxf7+ Kxf7 9. fxe5 Nxe5 10. Qd5+ Kf8 11. Qxe5 d6 12. Qh5 Kg8 13. Qh4 h6 14. Nc3
Bd7 15. Bd2 c6 16. Rf2 g5 17. Qg3 Kg7 18. Qxd6 Bg4 19. Qe5 Re8 20. Qg3 Nxe4 21.
Nxe4 Rxe4 22. Qc3+ Kg8 23. Qb3+ Qd5 24. Qg3 Rae8 25. h3 Bh5 26. Raf1 Qd4 27.
Bc3 Qc5 28. Qc7 R4e7 29. Qg3 Rf7 30. Qd3 Be2 31. Qg6+ Kf8 32. Qxf7# 1-0

[Event "aut_ychg14_2008"]
[Site "Wien - JGH Brigittenau"]
[Date "2008.05.11"]
[Round "3.4"]
[White "Steiner, Lucia"]
[Black "Huber, Elke Carola"]
[Result "0-1"]
[WhiteElo "1225"]
[BlackElo "1412"]
[PlyCount "88"]
[EventDate "2008.05.10"]

1. e4 c6 2. Nf3 d5 3. exd5 cxd5 4. d4 Bg4 5. Be2 Nc6 6. Nc3 e6 7. Bf4 Bb4 8.
O-O a6 9. Ne5 Bxe2 10. Qxe2 Nxd4 11. Qd3 Nc6 12. Rfe1 Nge7 13. a3 Bxc3 14. Qxc3
O-O 15. Qg3 Nxe5 16. Bxe5 Ng6 17. Bc3 Qh4 18. Qxh4 Nxh4 19. Rad1 Rfd8 20. Rd4
Ng6 21. Rg4 Rac8 22. h4 h5 23. Rg5 d4 24. Ba5 Rd5 25. Rxd5 exd5 26. c3 dxc3 27.
Bxc3 Nxh4 28. Re5 Rd8 29. Rxh5 Ng6 30. Bd4 Nf4 31. Re5 Ne6 32. Bc3 d4 33. Bd2
Rc8 34. Rd5 Rc2 35. Bb4 Rxb2 36. Rd7 Nf4 37. Bc5 Rb1+ 38. Kh2 Ne6 39. Rd6 Nxc5
40. Rxd4 Rb3 41. a4 Ra3 42. Rb4 Nxa4 43. Kg1 Ra2 44. g3 b5 0-1

[Event "aut_ychg14_2008"]
[Site "Wien - JGH Brigittenau"]
[Date "2008.05.11"]
[Round "3.5"]
[White "Willy, Anora"]
[Black "Monadjem, Mina"]
[Result "0-1"]
[WhiteElo "1226"]
[BlackElo "1382"]
[PlyCount "84"]
[EventDate "2008.05.10"]

1. e4 e5 2. Nf3 Nc6 3. d4 exd4 4. Nxd4 Bc5 5. Nxc6 Qf6 6. Qe2 dxc6 7. e5 Qg6 8.
Nc3 Bf5 9. Na4 Be7 10. Bf4 Bxc2 11. Nc3 O-O-O 12. Qe3 Kb8 13. Bc4 Qxg2 14. Ke2
Qg4+ 15. f3 Qg2+ 16. Qf2 Qxf2+ 17. Kxf2 f6 18. e6 g5 19. Be3 f5 20. Rac1 Bd3
21. Bb3 f4 22. Bd2 Bf5 23. Rhd1 Bc5+ 24. Kg2 Nf6 25. Ne4 Nxe4 26. fxe4 Bxe4+
27. Kh3 Bf5+ 28. Kg2 Be7 29. h4 h6 30. Kf3 Bg6 31. Kg4 h5+ 32. Kf3 Bf5 33. hxg5
Bg4+ 34. Kxf4 Bd6+ 35. Ke4 Bxd1 36. Rxd1 Rde8 37. Rh1 h4 38. Kf3 h3 39. Bc3 Rh4
40. Be1 Rf4+ 41. Kg3 Rf1+ 42. Kxh3 Rxh1+ 0-1

[Event "aut_ychg14_2008"]
[Site "Wien - JGH Brigittenau"]
[Date "2008.05.11"]
[Round "3.6"]
[White "Tscharnuter, Alexandra"]
[Black "Nagy, Andrea"]
[Result "0-1"]
[WhiteElo "1322"]
[BlackElo "1377"]
[PlyCount "48"]
[EventDate "2008.05.10"]

1. e4 e5 2. Nf3 Nc6 3. Bb5 a6 4. Bxc6 dxc6 5. O-O Bd6 6. d4 exd4 7. Nxd4 Be5 8.
Be3 c5 9. Nf5 Bxb2 10. Qxd8+ Kxd8 11. Nd2 Bxa1 12. Rxa1 Bxf5 13. exf5 b6 14.
Rd1 Ke7 15. Bg5+ f6 16. Re1+ Kf7 17. Bf4 Rc8 18. Rd1 Ne7 19. Nc4 Rhd8 20. Rd2
Rxd2 21. Nxd2 Nxf5 22. g4 Nd4 23. c4 Ne2+ 24. Kf1 Nxf4 0-1

[Event "aut_ychg14_2008"]
[Site "Wien - JGH Brigittenau"]
[Date "2008.05.11"]
[Round "3.7"]
[White "Krivda, Manuela"]
[Black "Stoeckel, Sabrina"]
[Result "1-0"]
[WhiteElo "1314"]
[BlackElo "1285"]
[PlyCount "83"]
[EventDate "2008.05.10"]

1. e4 e5 2. Nf3 Nc6 3. d4 exd4 4. Nxd4 Nf6 5. Nxc6 bxc6 6. e5 Ne4 7. Qe2 d5 8.
exd6 Bf5 9. f3 Qh4+ 10. g3 Qd8 11. fxe4 Be6 12. dxc7 Qxc7 13. Bf4 Qd7 14. Qd3
Qe7 15. Nc3 Rd8 16. Qe3 c5 17. Bb5+ Bd7 18. O-O-O a6 19. Bxd7+ Rxd7 20. Rxd7
Qxd7 21. Qd2 Qc8 22. Rd1 Be7 23. Bg5 f6 24. Bf4 c4 25. Qd5 g5 26. Bd6 Bf8 27.
Bxf8 Rxf8 28. Qf5 Qc7 29. Qe6+ Qe7 30. Qxe7+ Kxe7 31. Nd5+ Ke6 32. Re1 f5 33.
Nc3 f4 34. gxf4 gxf4 35. Kd2 h5 36. Ke2 Rb8 37. Rb1 Kf6 38. Kf3 Kg5 39. h3 Rf8
40. Rg1+ Kh4 41. Nd5 Kxh3 42. Rh1# 1-0

[Event "aut_ychg14_2008"]
[Site "Wien - JGH Brigittenau"]
[Date "2008.05.11"]
[Round "4.1"]
[White "Huber, Elke Carola"]
[Black "Tarmastin, Laura"]
[Result "1-0"]
[WhiteElo "1412"]
[BlackElo "1487"]
[PlyCount "79"]
[EventDate "2008.05.10"]

1. d4 d5 2. c4 c6 3. Nc3 Nf6 4. Nf3 Bf5 5. cxd5 cxd5 6. Qb3 b6 7. Bg5 e6 8. e3
Be7 9. Bb5+ Nbd7 10. Ne5 Qc7 11. Bxf6 gxf6 12. Nxd7 Kd8 13. Nxb6 Qxb6 14. Ba4
Bb4 15. a3 Bxc3+ 16. bxc3 Rb8 17. Qxb6+ Rxb6 18. O-O Rg8 19. Rfc1 Be4 20. g3
Ke7 21. c4 Rc8 22. cxd5 Rxc1+ 23. Rxc1 Bxd5 24. h4 Rb2 25. Bc2 f5 26. Kf1 Bf3
27. Bd1 Bxd1 28. Rxd1 Ra2 29. Rd3 Kd6 30. Kg2 a5 31. Rb3 Ke7 32. Rb7+ Kf6 33.
Rb3 a4 34. Rd3 Rb2 35. d5 Rb3 36. Rd4 Rxa3 37. d6 Rb3 38. d7 a3 39. d8=Q+ Ke5
40. f4# 1-0

[Event "aut_ychg14_2008"]
[Site "Wien - JGH Brigittenau"]
[Date "2008.05.11"]
[Round "4.2"]
[White "Gerhold, Doris"]
[Black "Wilfling, Sandra"]
[Result "0-1"]
[WhiteElo "1417"]
[BlackElo "1580"]
[PlyCount "54"]
[EventDate "2008.05.10"]

1. e4 c5 2. Nf3 d6 3. d4 cxd4 4. Nxd4 Nf6 5. Nc3 g6 6. Be3 Bg7 7. Be2 O-O 8. f3
Nc6 9. Qd2 Nxd4 10. Bxd4 Be6 11. O-O-O Qa5 12. Kb1 Rfc8 13. g4 a6 14. Nd5 Qxd2
15. Rxd2 Bxd5 16. exd5 Bh6 17. Rdd1 Nxd5 18. h4 Nb4 19. Bc3 Nc6 20. Bd3 Bg7 21.
Bd2 Ne5 22. Be2 Nc4 23. Bf4 Nxb2 24. Rde1 Na4 25. Bd3 Nc3+ 26. Kc1 Nxa2+ 27.
Kd2 Bc3+ 0-1

[Event "aut_ychg14_2008"]
[Site "Wien - JGH Brigittenau"]
[Date "2008.05.11"]
[Round "4.3"]
[White "Nagy, Andrea"]
[Black "Schamberger, Katja"]
[Result "1-0"]
[WhiteElo "1377"]
[BlackElo "1366"]
[PlyCount "81"]
[EventDate "2008.05.10"]

1. e4 e5 2. Nf3 Nc6 3. Bc4 Nf6 4. Nc3 Bc5 5. d3 h6 6. Be3 Bb6 7. Na4 d6 8. h3
O-O 9. O-O Be6 10. Bb3 Qd7 11. Nd2 Bxh3 12. gxh3 Qxh3 13. Qf3 Qh4 14. Nxb6 axb6
15. Qg3 Qh5 16. c3 Ng4 17. Bd1 f5 18. exf5 Qxf5 19. Bxg4 Qh7 20. Be2 Rf6 21.
Qh3 Qg6+ 22. Qg3 Qf7 23. Qh3 Rg6+ 24. Kh1 Qd5+ 25. Qf3 Qe6 26. Rg1 Rf8 27. Rxg6
Qxg6 28. Qg4 Qf6 29. Ne4 Qe7 30. Rg1 Rf7 31. Qg3 Kf8 32. Bh5 Rf5 33. Bg6 Rf7
34. Bxf7 Qxf7 35. Qg4 Na7 36. Qg6 Qd7 37. Qg4 Qf7 38. Rg3 Ke8 39. Qg6 Qxg6 40.
Rxg6 Kf7 41. Rg3 1-0

[Event "aut_ychg14_2008"]
[Site "Wien - JGH Brigittenau"]
[Date "2008.05.11"]
[Round "4.4"]
[White "Hapala, Lisa"]
[Black "Monadjem, Mina"]
[Result "1-0"]
[WhiteElo "1476"]
[BlackElo "1382"]
[PlyCount "75"]
[EventDate "2008.05.10"]

1. e4 e5 2. Nf3 Nc6 3. Bb5 a6 4. Ba4 Nf6 5. O-O b5 6. Bb3 Bc5 7. Re1 d6 8. c3
O-O 9. d3 h6 10. Nbd2 Bb6 11. Nf1 Re8 12. Be3 Bg4 13. h3 Bh5 14. Ng3 Qd7 15.
Nxh5 Nxh5 16. Ng5 hxg5 17. Qxh5 Bxe3 18. fxe3 Qe7 19. Rf1 Nd8 20. Rf3 Rf8 21.
Rg3 g6 22. Qxg5 Qxg5 23. Rxg5 Kg7 24. Rf1 f6 25. Rg3 c5 26. Rgf3 Rb8 27. Bd5 a5
28. d4 exd4 29. exd4 c4 30. e5 dxe5 31. dxe5 f5 32. g4 Nf7 33. Bxf7 Rxf7 34.
gxf5 Rbf8 35. f6+ Kh7 36. e6 Ra7 37. e7 Re8 38. f7 1-0

[Event "aut_ychg14_2008"]
[Site "Wien - JGH Brigittenau"]
[Date "2008.05.11"]
[Round "4.5"]
[White "Bauer, Valentina"]
[Black "Krivda, Manuela"]
[Result "1-0"]
[WhiteElo "1563"]
[BlackElo "1314"]
[PlyCount "117"]
[EventDate "2008.05.10"]

1. e4 c5 2. c3 d5 3. exd5 Qxd5 4. d4 e6 5. Nf3 Nf6 6. Be3 b6 7. Bd3 Be7 8. O-O
O-O 9. Re1 cxd4 10. Bxd4 Nc6 11. Bxf6 Bxf6 12. Be4 Qxd1 13. Rxd1 Bb7 14. Rd7
Rad8 15. Rxd8 Rxd8 16. Na3 Na5 17. Bxb7 Nxb7 18. Nb5 a6 19. Nbd4 Bxd4 20. Nxd4
Rc8 21. Kf1 Kf8 22. Ke2 Ke7 23. Kd3 Na5 24. b4 Nc6 25. Nxc6+ Rxc6 26. c4 e5 27.
Re1 f6 28. a4 a5 29. bxa5 bxa5 30. Rb1 Kd6 31. Rb5 Rc5 32. Rb8 g6 33. Rh8 Rc7
34. Rf8 Ke7 35. Ra8 Rc5 36. Ra7+ Ke6 37. Rxh7 Rc6 38. Ra7 Rc5 39. Rb7 Kd6 40.
h4 Rc7 41. Rb5 Rc5 42. Rb8 Rc7 43. Ra8 Rc5 44. Rg8 Ke6 45. Rxg6 Kf7 46. Rg4 Rc8
47. h5 Rh8 48. Rh4 Ke6 49. g4 Rd8+ 50. Kc3 Rd4 51. h6 Rd8 52. h7 Rh8 53. f3 Kf7
54. c5 Kg7 55. c6 Rc8 56. h8=Q+ Rxh8 57. Rxh8 Kxh8 58. c7 Kg7 59. c8=Q 1-0

[Event "aut_ychg14_2008"]
[Site "Wien - JGH Brigittenau"]
[Date "2008.05.11"]
[Round "4.6"]
[White "Steiner, Lucia"]
[Black "Willy, Anora"]
[Result "0-1"]
[WhiteElo "1225"]
[BlackElo "1226"]
[PlyCount "84"]
[EventDate "2008.05.10"]

1. e4 c6 2. Nf3 d5 3. exd5 cxd5 4. d4 Nc6 5. c3 Bg4 6. Be2 Bxf3 7. Bxf3 e5 8.
dxe5 Nxe5 9. Qxd5 Nd3+ 10. Ke2 Nxc1+ 11. Rxc1 Ne7 12. Qxb7 Rb8 13. Bc6+ Nxc6
14. Qxc6+ Qd7 15. Qxd7+ Kxd7 16. b3 g6 17. c4 Bc5 18. Rd1+ Kc7 19. Nc3 Rhe8+
20. Kf3 Re6 21. Nd5+ Kc6 22. Re1 Rxe1 23. Rxe1 f5 24. Re2 h5 25. Re6+ Bd6 26.
Rxg6 Kc5 27. Rg5 Re8 28. Ne3 Kb4 29. Rxf5 Rf8 30. Rxf8 Bxf8 31. Kf4 Ka3 32. Ke5
Kxa2 33. Nd5 Kxb3 34. Kd4 a5 35. Nb6 Kb4 36. f4 Bc5+ 37. Kd5 Bxb6 38. f5 a4 39.
f6 a3 40. f7 Bc5 41. Ke6 a2 42. Kd7 a1=Q 0-1

[Event "aut_ychg14_2008"]
[Site "Wien - JGH Brigittenau"]
[Date "2008.05.11"]
[Round "4.7"]
[White "Stoeckel, Sabrina"]
[Black "Tscharnuter, Alexandra"]
[Result "1-0"]
[WhiteElo "1285"]
[BlackElo "1322"]
[PlyCount "33"]
[EventDate "2008.05.10"]

1. e4 e5 2. Nf3 Nc6 3. Bb5 Nge7 4. O-O d5 5. exd5 Nxd5 6. c3 Bd7 7. Bc4 Be6 8.
d4 exd4 9. cxd4 Bd6 10. Ng5 Qf6 11. Re1 Nd8 12. Bxd5 O-O 13. Bb3 Re8 14. Bd2
Nc6 15. Qc2 Bxb3 16. Qxh7+ Kf8 17. Qh8# 1-0